| 000 | 00000nam##2200000za#4500 |
| 001 | 9.646054 |
| 003 | CaOODSP |
| 005 | 20220511150401 |
| 007 | ta |
| 008 | 150407|1995||||xxc||||| f|0| 0 eng|d |
| 020 | |a0-662-23938-5 |
| 040 | |aCaOODSP|beng |
| 043 | |an-cn--- |
| 086 | 1 |aSF31-32/1995E |
| 110 | 1 |aCanada. |bOffice of the Commissioner of Official Languages. |
| 245 | 14|aThe equitable use of English and French before the courts in Canada : |ba study by the Commissioner of Official Languages |
| 260 | |aOttawa - Ontario : |bOffice of the Commissioner of Official Languages |c1995. |
| 300 | |aii, 107p. : |borganization chart, references ; |c28 cm. |
| 500 | |a"In addition to a general introduction, the present study on the use of English and French before the courts is divided into three main substantive sections: (i) a review of the constitutional framework which protects the use of both official languages in the judicial system; (ii) the use of both official languages before courts of criminal jurisdiction; and (iii) the use of both official languages before courts of civil jurisdiction. The study also includes a set of recommendations regarding ways to improve access to the courts in both English and French."--Executive summary. |
| 520 | 3 |aIn addition to a general introduction, the present study on the use of English and French before the courts is divided into three main substantive sections: (i) a review of the constitutional framework which protects the use of both official languages in the judicial system; (ii) the use of both official languages before courts of criminal jurisdiction; and (iii) the use of both official languages before courts of civil jurisdiction. The study also includes a set of recommendations regarding ways to improve access to the courts in both English and French.--Executive summary |
| 563 | |aSoftcover |
| 590 | |a96-13|b1996-03-29 |
| 690 | 07|aOfficial languages|2gcpds |
| 775 | 08|tL'utilisation équitable du français et de l'anglais devant les tribunaux au Canada : |w(CaOODSP)9.679647 |
| 776 | 0#|tThe equitable use of English and French before the courts of Canada : |w(CaOODSP)9.911101 |